000 01145cab a2200277 4500
001 ##L133975
008 060626n2006 000 0 eng u
035 _a(Sirsi) u133975
041 0 _aeng
100 1 _aMorrison, Adrian
245 0 0 _aFocus
_bWest of Scotland
260 _c2006
490 0 _aEstates Gazette
_v(0625) 24 June 2006, 145-159(10)
520 _aLooks at two mixed-use proposals for transforming the Charing Cross area of Glasgow into a vibrant commercial district; big development plans for Ayrshire, including redevelopment of a college campus site for leisure and housing; a campaign to boost the image of Lanarkshire; and a joint venture to build industrial, office, residential and retail units around Gretna, Lockerbie and Annan after the closure of Chapelcross nuclear power station.
590 _aIKA040706
651 4 _aWEST SCOTLAND
651 4 _aGLASGOW
651 4 _aAYRSHIRE
651 4 _aLANARKSHIRE
651 4 _aDUMFRIES
690 _aPROPERTY-COMMERCIAL PROPERTY-COMMERCIAL PROPERTY MARKET
700 1 _aBaker, Colin
700 1 _aGlen, Allen
700 1 _aKivlehan, Noella Pio
942 _n0
999 _c77299
_d77299